000
00325nam a22001217a 4500
008
180511b xxu||||| |||| 00| 0 eng d
041
_a
eng
080
_a
043.3
100
_a
0
101
_a
MBE-MTH
245
_a
Auditimi i perfomancës së Burimeve Njerëzore në Institucionet Shëndetësore
_c
Luboteni,E
942
_2
udc
_c
BK
999
_c
45700
_d
45700